[Event "Cecil John Seddon Purdy "]
[Site "SchemingMind.com"]
[Date "2009.04.24"]
[Round "-"]
[White "thebirdolux"]
[Black "fjpv"]
[Result "1/2-1/2"]
[WhiteCountry "USA"]
[BlackCountry "POR"]
[WhiteElo "2408"]
[WhiteRD "71"]
[BlackElo "2463"]
[BlackRD "81"]
[GameID "201581"]

1. Nf3 Nf6 2. d4 g6 3. g3 Bg7 4. c4 O-O 5. Bg2 d5 6. O-O dxc4 7. Na3 Nc6 8. Nxc4 Bf5 9. Qb3 Be4 10. Rd1 a5
11. Bg5 Qd5 12. Ncd2 Qxb3 13. Nxb3 Rfd8 14. e3 Bd5 15. Nc5 Nb4 16. a3 Na6 17. Nd3 Be4 18. Nfe1 Bxg2 19. Kxg2 Nd5 20. g4 c6
21. Rac1 f6 22. Bf4 Nxf4+ 23. Nxf4 Nc7 24. Nfd3 Ne6 25. Nf3 Rd5 26. Rc3 a4 27. b4 Nc7 28. Nc5 Nb5 29. Rcd3 Ra7 30. h3 f5
31. Ne6 Ra8 32. Nd2 Rd6 33. Nxg7 Kxg7 34. Nc4 Rf6 35. g5 Re6 36. h4 h6 37. gxh6+ Kxh6 38. f4 Nd6 39. Nb6 Ra6 40. Nd7 Ra8=
1/2-1/2

[Event "Cecil John Seddon Purdy "]
[Site "SchemingMind.com"]
[Date "2009.04.24"]
[Round "-"]
[White "thebirdolux"]
[Black "pcmvr"]
[Result "1/2-1/2"]
[WhiteCountry "USA"]
[BlackCountry "NED"]
[WhiteElo "2425"]
[WhiteRD "69"]
[BlackElo "2301"]
[BlackRD "89"]
[GameID "201582"]

1. e4 e6 2. d4 d5 3. Nc3 Nf6 4. Bd3 c5 5. Nf3 cxd4 6. Nxd4 Nc6 7. Bb5 Bd7 8. exd5 exd5 9. O-O Be7 10. Nb3 a6
11. Be2 Be6 12. Re1 O-O 13. Bf3 Re8 14. Bf4 Bb4 15. Re2 Bxc3 16. bxc3 h6 17. h3 Bf5 18. Rxe8+ Qxe8 19. Qd2 Rc8 20. Re1 Qd8
21. Qc1 b5 22. a3 Be4 23. Be2 d4 24. c4 Na5 25. Nxa5 Qxa5 26. Rd1 Qb6 27. Be5 Qe6 28. Qf4 Bxc2 29. Rxd4 Nd7 30. Rd5 f6
31. Bg4 f5 32. Bf3 Rxc4 33. Qg3 Qe7 34. Bd4 Kh7 35. Kh2 Nf8 36. Rd6 Be4 37. Bxe4 fxe4 38. Bb2 e3 39. fxe3 Re4 40. Rc6 Rxe3
41. Rc7 Rxg3 42. Rxe7=
1/2-1/2

[Event "Cecil John Seddon Purdy "]
[Site "SchemingMind.com"]
[Date "2009.04.24"]
[Round "-"]
[White "thebirdolux"]
[Black "Space"]
[Result "1-0"]
[WhiteCountry "USA"]
[BlackCountry "SWE"]
[WhiteElo "2334"]
[WhiteRD "79"]
[BlackElo "2112"]
[BlackRD "81"]
[GameID "201583"]

1. d4 Nf6 2. c4 e6 3. Nf3 b6 4. Nc3 Bb4 5. g3 Bb7 6. Bg2 O-O 7. Bd2 d6 8. O-O a5 9. Qc2 Nbd7 10. Rfe1 c5
11. e4 cxd4 12. Nxd4 Ng4 13. Ncb5 Bc5 14. h3 e5 15. Nxd6 exd4 16. Nxb7 d3 17. Qxd3 Bxf2+ 18. Kf1 Qc7 19. Red1 Nde5 20. Qc3 Ne3+
21. Bxe3 Bxe3 22. Qxe3 Qxb7 23. Rd5 Nxc4= 24. Qd4 Rac8 25. Rc1 Nd6 26. Rxc8 Nxc8 27. Rd7 Qc6 28. Kg1 Qe6 29. b3
1-0

[Event "Cecil John Seddon Purdy "]
[Site "SchemingMind.com"]
[Date "2009.04.23"]
[Round "-"]
[White "thebirdolux"]
[Black "MazetaFighter"]
[Result "1-0"]
[WhiteCountry "USA"]
[BlackCountry "GRE"]
[WhiteElo "2334"]
[WhiteRD "79"]
[BlackElo "1994"]
[BlackRD "61"]
[GameID "201584"]

1. e4 c5 2. Nf3 d6 3. d4 cxd4 4. Nxd4 Nf6 5. Nc3 a6 6. Bc4 e6 7. O-O Be7 8. Be2 Nc6 9. Nxc6 bxc6 10. Qd3 e5
11. Qg3 Bf8 12. Rd1 g6 13. Bg5 Bg7 14. Qd3
1-0

[Event "Cecil John Seddon Purdy "]
[Site "SchemingMind.com"]
[Date "2009.04.27"]
[Round "-"]
[White "thebirdolux"]
[Black "mokhtar"]
[Result "1-0"]
[WhiteCountry "USA"]
[BlackCountry "YEM"]
[WhiteElo "2425"]
[WhiteRD "69"]
[BlackElo "2047"]
[BlackRD "106"]
[GameID "201585"]

1. e4 c5 2. Nf3 Nc6 3. d4 Nxd4 4. Nxd4 cxd4 5. Qxd4 e6 6. Nc3 Ne7 7. Bf4 Nc6 8. Qd2 Be7 9. Nb5 e5 10. Be3 O-O
11. O-O-O a6 12. Nd6 Nd4 13. Nc4 Qc7 14. Kb1 d6 15. Bxd4 exd4 16. Qxd4 Be6 17. Nb6 Rad8 18. c3 Bh4 19. f4 Bf6 20. Qb4 Qc5
21. Qxc5 dxc5 22. Be2 g6 23. g4 Rfe8 24. Bf3 Kf8 25. f5 Bc8 26. Rxd8 Rxd8 27. Rd1 Ke8 28. e5 Bxe5 29. Re1 f6 30. Nxc8 Rxc8
31. Bxb7 Rd8 32. fxg6 hxg6 33. Bxa6 Rd2 34. h3 Kd7 35. a4 Rh2 36. Re3 Bf4 37. Bb5+ Kd6 38. Rd3+ Kc7 39. a5 Rd2 40. Rf3 g5
41. h4
1-0

[Event "Cecil John Seddon Purdy "]
[Site "SchemingMind.com"]
[Date "2009.04.23"]
[Round "-"]
[White "Cesar Fuertes"]
[Black "thebirdolux"]
[Result "0-1"]
[WhiteCountry "ARG"]
[BlackCountry "USA"]
[WhiteElo "1937"]
[WhiteRD "86"]
[BlackElo "2408"]
[BlackRD "71"]
[GameID "201586"]

1. d4 Nf6 2. c4 g6 3. Nc3 d5 4. cxd5 Nxd5 5. e4 Nxc3 6. bxc3 Bg7 7. Bc4 c5 8. Ne2 Nc6 9. Be3 O-O 10. O-O cxd4
11. cxd4 Na5 12. Bd3 Nc6 13. Bb5 a6 14. Bxc6 bxc6 15. Qc2 Bg4 16. f3 Bd7 17. Rab1 Rb8 18. Bf4 Rxb1 19. Rxb1 Qa5 20. Bd2 Qc7
21. Qc5 Qd6 22. Qxd6 exd6 23. Bf4 d5 24. Bd6 Re8 25. e5 f6
0-1

[Event "Cecil John Seddon Purdy "]
[Site "SchemingMind.com"]
[Date "2009.04.22"]
[Round "-"]
[White "fjpv"]
[Black "thebirdolux"]
[Result "1/2-1/2"]
[WhiteCountry "POR"]
[BlackCountry "USA"]
[WhiteElo "2463"]
[WhiteRD "81"]
[BlackElo "2408"]
[BlackRD "71"]
[GameID "201587"]

1. e4 c5 2. d4 cxd4 3. c3 Nf6 4. e5 Nd5 5. Nf3 d6 6. cxd4 Nc6 7. Bc4 dxe5 8. dxe5 Be6 9. O-O g6 10. Qe2 Qc7
11. Bd2 Rd8 12. Re1 Bg7 13. Nc3 O-O 14. Qe4 Qd7 15. Ng5 Nxe5 16. Nxe6 fxe6 17. Bb3 Rf5 18. f4 Nc6 19. Qxe6+ Qxe6 20. Rxe6 Nxc3
21. Bxc3 Kf8 22. Bxg7+ Kxg7 23. Ba4 b5 24. Rxc6 bxa4= 25. Re6 Kf8 26. Rae1 Rd2 27. Rxe7 Rxb2 28. Rxh7 Rxa2 29. Rc1 Kg8 30. Rxa7 Rxf4
31. h4 Rf7 32. Ra6 Kg7 33. Rcc6 Rf4 34. Rxg6+ Kf7 35. g3 Rff2 36. Rgb6 Rg2+=
1/2-1/2

[Event "Cecil John Seddon Purdy "]
[Site "SchemingMind.com"]
[Date "2009.04.24"]
[Round "-"]
[White "pcmvr"]
[Black "thebirdolux"]
[Result "1/2-1/2"]
[WhiteCountry "NED"]
[BlackCountry "USA"]
[WhiteElo "2301"]
[WhiteRD "89"]
[BlackElo "2425"]
[BlackRD "69"]
[GameID "201588"]

1. b4 e5 2. Bb2 Bxb4 3. f4 Nc6 4. fxe5 Nh6 5. Nf3 Ng4 6. Nc3 O-O 7. e3 Ngxe5 8. Nd5 d6 9. Be2 Nxf3+ 10. Bxf3 Ba5
11. O-O Ne5 12. Be2 Qg5 13. Qe1 Be6 14. Nf4 Bd7 15. h4 Qh6 16. Qg3 Rae8 17. Rad1 Ba4 18. Nd5 f5 19. d4 Ng6 20. Bd3 Bd7
21. Nf4 Nxh4 22. Kf2 c6 23. Rh1 g5 24. Be2 Re4 25. Bd3 Rf7 26. Bxe4 fxe4 27. Rb1 d5 28. Ba3 Bf5 29. Bc5 Bc8 30. Rxh4 Qxh4
31. Qxh4 gxh4 32. Bxa7 Bc7 33. Rb3 Bxf4 34. exf4 Rxf4+ 35. Ke1 Kg7 36. Ra3 Kg6 37. Rc3 Rf7 38. a4 Rg7 39. a5 Kh5 40. Kf2 Rf7+
41. Ke1 Kg5 42. Bb8 Bg4 43. Bd6 h6 44. Ra3 Rd7=
1/2-1/2

[Event "Cecil John Seddon Purdy "]
[Site "SchemingMind.com"]
[Date "2009.04.24"]
[Round "-"]
[White "Space"]
[Black "thebirdolux"]
[Result "1/2-1/2"]
[WhiteCountry "SWE"]
[BlackCountry "USA"]
[WhiteElo "2112"]
[WhiteRD "81"]
[BlackElo "2334"]
[BlackRD "79"]
[GameID "201589"]

1. e4 d6 2. d4 g6 3. Nc3 Bg7 4. Be3 Nf6 5. Qd2 O-O 6. Nf3 d5 7. exd5 Nxd5 8. Nxd5 Qxd5 9. c4 Qd6 10. Be2 Nc6
11. O-O Rd8 12. Rfd1 e5 13. d5 Qe7 14. Re1 e4 15. Nd4 Nxd4 16. Bxd4 Re8 17. c5 Bf5 18. b4 a5 19. a3=
1/2-1/2

[Event "Cecil John Seddon Purdy "]
[Site "SchemingMind.com"]
[Date "2009.04.23"]
[Round "-"]
[White "MazetaFighter"]
[Black "thebirdolux"]
[Result "0-1"]
[WhiteCountry "GRE"]
[BlackCountry "USA"]
[WhiteElo "1994"]
[WhiteRD "61"]
[BlackElo "2334"]
[BlackRD "79"]
[GameID "201590"]

1. d4 Nf6 2. c4 e6 3. Nc3 Bb4 4. Qc2 O-O 5. a3 Bxc3+ 6. Qxc3 b6 7. Bg5 Bb7 8. e3 d6 9. f3 Nbd7 10. Bd3 h6
11. Bh4 e5 12. d5 e4 13. fxe4 Nxd5 14. Bxd8 Nxc3 15. Bxc7 Nc5 16. Bxd6 Nxd3+ 17. Kd2 Nxe4+
0-1

[Event "Cecil John Seddon Purdy "]
[Site "SchemingMind.com"]
[Date "2009.04.24"]
[Round "-"]
[White "mokhtar"]
[Black "thebirdolux"]
[Result "0-1"]
[WhiteCountry "YEM"]
[BlackCountry "USA"]
[WhiteElo "2047"]
[WhiteRD "106"]
[BlackElo "2425"]
[BlackRD "69"]
[GameID "201591"]

1. e4 c5 2. Nc3 Nc6 3. Nf3 d6 4. Bc4 g6 5. d4 cxd4 6. Nxd4 Bg7 7. Be3 Nf6 8. f3 O-O 9. Qd2 Ne5 10. Bb3 Bd7
11. h4 Qc8 12. Bh6 Qc5 13. Bxg7 Kxg7 14. h5 Rh8 15. h6+ Kf8 16. O-O-O g5 17. Nd5 Nxd5 18. Bxd5 Rg8 19. Rh5 e6 20. b4 Qb6
21. Bb3 Rc8 22. Rxg5 Rxg5 23. Qxg5 Qxb4 24. Qg7+ Ke7 25. Qxh7 Qc3 26. Kb1 Nc4 27. Bxc4 Qxc4 28. Qg7 e5 29. Qg5+ f6 30. Qg7+ Qf7
31. Qxf7+ Kxf7 32. Nf5 Bxf5 33. exf5 Rd8 34. c4 Kg8 35. Kc2 Kh7 36. Rh1 d5 37. cxd5 Rxd5 38. Rh4 Rc5+ 39. Kd3 Rd5+
0-1